[Event "Masters Tournament (MTO)"]
[Site "Biel, CH"]
[Date "2025.07.18"]
[Round "5"]
[White "Schultze, Joerg-Martin, Dr."]
[Black "Mueller, Konstantin"]
[Result "0-1"]
[Board "50"]
[WhiteFideId "12972070"]
[BlackFideId "34661778"]
[WhiteElo "1865"]
[BlackElo "2017"]
[WhiteTeam "GER"]
[BlackTeam "GER"]
[WhiteClock "0:01:45"]
[BlackClock "0:24:51"]
[Variant "Standard"]

1. d4 {[%clk 1:40:55]}  Nf6 {[%clk 1:40:54]} 2. c4 {[%clk 1:41:19]}  g6 {[%clk 1:41:17]} 3. Nc3 {[%clk 1:41:34]}  d5 {[%clk 1:41:43]} 4. cxd5 {[%clk 1:41:38]}  Nxd5 {[%clk 1:42:07]} 5. e4 {[%clk 1:41:53]}  Nxc3 {[%clk 1:42:28]} 6. bxc3 {[%clk 1:42:15]}  Bg7 {[%clk 1:42:49]} 7. Qa4+ {[%clk 1:42:20]}  Nd7 {[%clk 1:42:19]} 8. Nf3 {[%clk 1:41:12]}  O-O {[%clk 1:42:32]} 9. Bd3 {[%clk 1:37:43]}  e5 {[%clk 1:34:30]} 10. Bg5 {[%clk 1:34:45]}  Qe8 {[%clk 1:30:01]} 11. O-O {[%clk 1:34:10]}  exd4 {[%clk 1:29:48]} 12. cxd4 {[%clk 1:34:07]}  Ne5 {[%clk 1:23:12]} 13. Qxe8 {[%clk 1:34:18]}  Nxf3+ {[%clk 1:23:35]} 14. gxf3 {[%clk 1:34:40]}  Rxe8 {[%clk 1:24:01]} 15. Rac1 {[%clk 1:16:38]}  Bxd4 {[%clk 1:19:52]} 16. Rxc7 {[%clk 1:16:39]}  Bb6 {[%clk 1:19:51]} 17. Rc2 {[%clk 1:14:17]}  Be6 {[%clk 1:19:14]} 18. Rfc1 {[%clk 1:10:24]}  Rac8 {[%clk 1:17:25]} 19. Bc4 {[%clk 0:59:37]}  Kg7 {[%clk 1:16:10]} 20. Bxe6 {[%clk 0:53:51]}  Rxc2 {[%clk 1:16:30]} 21. Rxc2 {[%clk 0:54:15]}  Rxe6 {[%clk 1:16:19]} 22. Be3 {[%clk 0:50:31]}  Kf6 {[%clk 1:11:29]} 23. Rb2 {[%clk 0:44:45]}  Bxe3 {[%clk 1:10:47]} 24. fxe3 {[%clk 0:45:00]}  Ra6 {[%clk 1:10:22]} 25. Kf2 {[%clk 0:43:21]}  b6 {[%clk 1:10:34]} 26. f4 {[%clk 0:38:12]}  g5 {[%clk 1:04:19]} 27. Kg3 {[%clk 0:31:31]}  Ra3 {[%clk 0:57:01]} 28. Kg4 {[%clk 0:24:33]}  Rxe3 {[%clk 0:51:53]} 29. e5+ {[%clk 0:23:58]}  Kg6 {[%clk 0:51:52]} 30. f5+ {[%clk 0:19:45]}  Kg7 {[%clk 0:51:39]} 31. Kxg5 {[%clk 0:16:41]}  Rxe5 {[%clk 0:51:45]} 32. Rd2 {[%clk 0:13:49]}  b5 {[%clk 0:44:33]} 33. h4 {[%clk 0:10:46]}  Rc5 {[%clk 0:42:43]} 34. Rd6 {[%clk 0:07:56]}  a5 {[%clk 0:41:32]} 35. h5 {[%clk 0:04:04]}  h6+ {[%clk 0:40:14]} 36. Kf4 {[%clk 0:04:24]}  b4 {[%clk 0:28:16]} 37. Rb6 {[%clk 0:03:52]}  Rc4+ {[%clk 0:22:56]} 38. Ke5 {[%clk 0:02:38]}  Rh4 {[%clk 0:22:22]} 39. f6+ {[%clk 0:02:36]}  Kh7 {[%clk 0:22:43]} 40. Rb7 {[%clk 0:02:40]}  Rxh5+ {[%clk 0:23:08]} 41. Kd6 {[%clk 0:02:43]}  Kg6 {[%clk 0:23:32]} 42. Ke7 {[%clk 0:01:30]}  Re5+ {[%clk 0:23:47]} 43. Kf8 {[%clk 0:01:38]}  Kxf6 {[%clk 0:24:04]} 44. Rxf7+ {[%clk 0:02:00]}  Kg5 {[%clk 0:24:13]} 45. Kg7 {[%clk 0:01:52]}  h5 {[%clk 0:24:19]} 46. Rf2 {[%clk 0:01:20]}  h4 {[%clk 0:24:16]} 47. Rg2+ {[%clk 0:01:39]}  Kf4 {[%clk 0:24:38]} 48. Kf6 {[%clk 0:01:45]}  h3 {[%clk 0:24:51]} 0-1

[Event "Masters Tournament (MTO)"]
[Site "Biel, CH"]
[Date "2025.07.18"]
[Round "5"]
[White "Arulanantham, Aneet"]
[Black "Madsen, Jens Ingemann"]
[Result "1/2-1/2"]
[Board "51"]
[WhiteFideId "1335189"]
[BlackFideId "1434993"]
[WhiteElo "1985"]
[BlackElo "1935"]
[WhiteTeam "SUI"]
[BlackTeam "DEN"]
[WhiteClock "1:28:43"]
[BlackClock "1:15:59"]
[Variant "Standard"]

1. e4 {[%clk 1:40:56]}  e5 {[%clk 1:40:55]} 2. Nf3 {[%clk 1:41:03]}  Nf6 {[%clk 1:41:19]} 3. Nxe5 {[%clk 1:40:40]}  d6 {[%clk 1:41:39]} 4. Nf3 {[%clk 1:41:03]}  Nxe4 {[%clk 1:42:00]} 5. d4 {[%clk 1:37:07]}  d5 {[%clk 1:42:12]} 6. Bd3 {[%clk 1:35:58]}  Be7 {[%clk 1:41:27]} 7. O-O {[%clk 1:36:14]}  Nc6 {[%clk 1:39:27]} 8. Re1 {[%clk 1:31:03]}  Bf5 {[%clk 1:28:09]} 9. c3 {[%clk 1:28:59]}  O-O {[%clk 1:26:18]} 10. Bf4 {[%clk 1:28:55]}  Re8 {[%clk 1:19:48]} 11. Qc2 {[%clk 1:29:02]}  Bg6 {[%clk 1:17:12]} 12. Nbd2 {[%clk 1:28:43]}  Nb8 {[%clk 1:15:59]} 1/2-1/2

[Event "Masters Tournament (MTO)"]
[Site "Biel, CH"]
[Date "2025.07.18"]
[Round "5"]
[White "Yu, Tianxiang Carlos"]
[Black "Pisan, Kai"]
[Result "1/2-1/2"]
[Board "52"]
[WhiteFideId "39922723"]
[BlackFideId "39904881"]
[WhiteElo "1938"]
[BlackElo "1995"]
[WhiteTeam "USA"]
[BlackTeam "USA"]
[WhiteClock "0:05:29"]
[BlackClock "0:05:35"]
[Variant "Standard"]

1. e4 {[%clk 1:33:23]}  e6 {[%clk 1:40:53]} 2. d4 {[%clk 1:33:45]}  d5 {[%clk 1:41:16]} 3. e5 {[%clk 1:33:54]}  c5 {[%clk 1:41:39]} 4. c3 {[%clk 1:34:21]}  Nc6 {[%clk 1:42:03]} 5. Nf3 {[%clk 1:34:49]}  Qb6 {[%clk 1:42:24]} 6. a3 {[%clk 1:35:13]}  c4 {[%clk 1:42:48]} 7. Be2 {[%clk 1:34:57]}  Na5 {[%clk 1:43:10]} 8. Nbd2 {[%clk 1:35:19]}  Bd7 {[%clk 1:43:10]} 9. h4 {[%clk 1:35:43]}  h6 {[%clk 1:43:34]} 10. h5 {[%clk 1:36:00]}  O-O-O {[%clk 1:42:32]} 11. Rb1 {[%clk 1:35:29]}  Ne7 {[%clk 1:40:45]} 12. Nf1 {[%clk 1:31:03]}  Kb8 {[%clk 1:39:32]} 13. Bf4 {[%clk 1:30:56]}  a6 {[%clk 1:38:48]} 14. N3d2 {[%clk 1:30:27]}  Ka7 {[%clk 1:36:34]} 15. Ne3 {[%clk 1:29:18]}  Nc8 {[%clk 1:29:34]} 16. Bg3 {[%clk 1:29:03]}  Qc7 {[%clk 1:21:47]} 17. Bg4 {[%clk 1:28:03]}  Nb6 {[%clk 1:19:52]} 18. Bh4 {[%clk 1:24:46]}  Rc8 {[%clk 1:18:26]} 19. O-O {[%clk 1:23:47]}  Ba4 {[%clk 1:14:37]} 20. Qc1 {[%clk 1:23:37]}  Bb3 {[%clk 1:07:43]} 21. f4 {[%clk 1:21:23]}  Be7 {[%clk 1:06:16]} 22. Qe1 {[%clk 1:06:57]}  Qd8 {[%clk 0:59:24]} 23. Bxe7 {[%clk 0:59:52]}  Qxe7 {[%clk 0:59:46]} 24. Qg3 {[%clk 0:56:10]}  g6 {[%clk 0:57:35]} 25. Qh3 {[%clk 0:53:32]}  Rce8 {[%clk 0:56:09]} 26. Nf3 {[%clk 0:47:04]}  Ba4 {[%clk 0:51:49]} 27. Qh4 {[%clk 0:41:22]}  Rhg8 {[%clk 0:48:31]} 28. Qxe7 {[%clk 0:40:12]}  Rxe7 {[%clk 0:48:54]} 29. Rf2 {[%clk 0:39:46]}  Nd7 {[%clk 0:46:47]} 30. Bh3 {[%clk 0:36:50]}  Nc6 {[%clk 0:43:04]} 31. Kh2 {[%clk 0:35:31]}  a5 {[%clk 0:39:14]} 32. Nh4 {[%clk 0:33:31]}  gxh5 {[%clk 0:32:34]} 33. f5 {[%clk 0:31:43]}  Nd8 {[%clk 0:31:25]} 34. Rbf1 {[%clk 0:29:55]}  Bc6 {[%clk 0:26:16]} 35. g3 {[%clk 0:11:58]}  b5 {[%clk 0:24:09]} 36. Neg2 {[%clk 0:12:17]}  Kb6 {[%clk 0:15:38]} 37. Nf4 {[%clk 0:10:50]}  f6 {[%clk 0:13:42]} 38. fxe6 {[%clk 0:04:25]}  fxe5 {[%clk 0:13:45]} 39. Nfg6 {[%clk 0:04:28]}  Rxe6 {[%clk 0:13:30]} 40. Bxe6 {[%clk 0:04:48]}  Nxe6 {[%clk 0:13:53]} 41. Nxe5 {[%clk 0:03:18]}  Nxe5 {[%clk 0:14:11]} 42. dxe5 {[%clk 0:03:45]}  Ng5 {[%clk 0:13:59]} 43. Rf8 {[%clk 0:02:12]}  Rxf8 {[%clk 0:11:40]} 44. Rxf8 {[%clk 0:29:55]}  b4 {[%clk 0:41:51]} 45. axb4 {[%clk 0:25:45]}  axb4 {[%clk 0:42:13]} 46. Rb8+ {[%clk 0:23:40]}  Bb7 {[%clk 0:31:50]} 47. Nf5 {[%clk 0:06:23]}  bxc3 {[%clk 0:28:17]} 48. bxc3 {[%clk 0:06:47]}  Nf3+ {[%clk 0:23:52]} 49. Kg2 {[%clk 0:05:47]}  Nxe5 {[%clk 0:23:46]} 50. Nd6 {[%clk 0:04:43]}  Kc7 {[%clk 0:23:00]} 51. Rxb7+ {[%clk 0:04:53]}  Kxd6 {[%clk 0:23:23]} 52. Rb6+ {[%clk 0:03:22]}  Nc6 {[%clk 0:15:22]} 53. Kf2 {[%clk 0:03:17]}  Kc5 {[%clk 0:15:03]} 54. Ra6 {[%clk 0:03:07]}  Kb5 {[%clk 0:08:48]} 55. Ra1 {[%clk 0:03:35]}  d4 {[%clk 0:04:05]} 56. cxd4 {[%clk 0:04:04]}  Nxd4 {[%clk 0:04:02]} 57. Rh1 {[%clk 0:04:09]}  c3 {[%clk 0:03:39]} 58. Rxh5+ {[%clk 0:04:18]}  Kc4 {[%clk 0:02:52]} 59. Ke3 {[%clk 0:01:44]}  c2 {[%clk 0:02:56]} 60. Kd2 {[%clk 0:01:38]}  Ne2 {[%clk 0:02:19]} 61. Kxc2 {[%clk 0:01:20]}  Nxg3 {[%clk 0:02:38]} 62. Rxh6 {[%clk 0:01:42]}  Nf5 {[%clk 0:02:53]} 63. Rg6 {[%clk 0:01:38]}  Kd4 {[%clk 0:02:27]} 64. Kd2 {[%clk 0:01:56]}  Ke4 {[%clk 0:02:28]} 65. Rg4+ {[%clk 0:02:05]}  Kd5 {[%clk 0:02:35]} 66. Kd3 {[%clk 0:02:21]}  Ke5 {[%clk 0:02:53]} 67. Ra4 {[%clk 0:02:41]}  Ne7 {[%clk 0:02:32]} 68. Re4+ {[%clk 0:03:01]}  Kd6 {[%clk 0:02:55]} 69. Kd4 {[%clk 0:03:04]}  Nc6+ {[%clk 0:03:14]} 70. Kc4 {[%clk 0:03:25]}  Ne5+ {[%clk 0:03:36]} 71. Kd4 {[%clk 0:03:42]}  Nc6+ {[%clk 0:03:58]} 72. Kd3 {[%clk 0:04:07]}  Kd5 {[%clk 0:04:06]} 73. Rh4 {[%clk 0:04:29]}  Ne5+ {[%clk 0:04:18]} 74. Kc3 {[%clk 0:04:55]}  Nf3 {[%clk 0:04:24]} 75. Ra4 {[%clk 0:05:12]}  Ne5 {[%clk 0:04:35]} 76. Kd2 {[%clk 0:05:20]}  Nc4+ {[%clk 0:04:50]} 77. Kc3 {[%clk 0:05:21]}  Ne5 {[%clk 0:05:15]} 78. Rh4 {[%clk 0:05:28]}  Nf3 {[%clk 0:05:16]} 79. Rf4 {[%clk 0:05:39]}  Ne5 {[%clk 0:05:35]} 80. Rh4 {[%clk 0:05:29]} 1/2-1/2

[Event "Masters Tournament (MTO)"]
[Site "Biel, CH"]
[Date "2025.07.18"]
[Round "5"]
[White "Hornung, Hans, Dr."]
[Black "Trubini, Timon"]
[Result "1-0"]
[Board "53"]
[WhiteFideId "4615140"]
[BlackFideId "1347799"]
[WhiteElo "1905"]
[BlackElo "1922"]
[WhiteTeam "GER"]
[BlackTeam "SUI"]
[WhiteClock "0:48:42"]
[BlackClock "0:55:01"]
[Variant "Standard"]

1. e4 {[%clk 1:40:50]}  c5 {[%clk 1:38:37]} 2. Nf3 {[%clk 1:41:08]}  d6 {[%clk 1:39:03]} 3. Bc4 {[%clk 1:41:28]}  Nf6 {[%clk 1:36:18]} 4. d3 {[%clk 1:36:39]}  g6 {[%clk 1:36:01]} 5. O-O {[%clk 1:30:57]}  Bg7 {[%clk 1:34:57]} 6. c3 {[%clk 1:35:48]}  O-O {[%clk 1:34:44]} 7. Bb3 {[%clk 1:25:18]}  Nc6 {[%clk 1:22:40]} 8. Re1 {[%clk 1:33:47]}  Qc7 {[%clk 1:11:37]} 9. h3 {[%clk 1:23:16]}  a6 {[%clk 1:14:47]} 10. d4 {[%clk 1:22:07]}  Nd7 {[%clk 1:14:51]} 11. Be3 {[%clk 1:11:58]}  Rd8 {[%clk 1:10:12]} 12. Bxf7+ {[%clk 0:56:19]}  Kh8 {[%clk 0:57:18]} 13. Ng5 {[%clk 0:50:38]}  Nf6 {[%clk 0:55:01]} 14. Bb3 {[%clk 0:48:42]} 1-0

[Event "Masters Tournament (MTO)"]
[Site "Biel, CH"]
[Date "2025.07.18"]
[Round "5"]
[White "Marcenaro, Alessandro"]
[Black "Doluhanova, Evgeniya"]
[Result "0-1"]
[Board "54"]
[WhiteFideId "28554094"]
[BlackFideId "14112035"]
[BlackTitle "WGM"]
[WhiteElo "2160"]
[BlackElo "2256"]
[WhiteTeam "ITA"]
[BlackTeam "UKR"]
[WhiteClock "0:13:49"]
[BlackClock "0:31:09"]
[Variant "Standard"]

1. e4 {[%clk 1:40:50]}  e5 {[%clk 1:40:44]} 2. Nf3 {[%clk 1:40:57]}  Nc6 {[%clk 1:40:54]} 3. Nc3 {[%clk 1:41:17]}  Nf6 {[%clk 1:41:20]} 4. Bb5 {[%clk 1:41:34]}  Bd6 {[%clk 1:40:55]} 5. d3 {[%clk 1:41:38]}  a6 {[%clk 1:40:46]} 6. Ba4 {[%clk 1:41:03]}  h6 {[%clk 1:40:35]} 7. a3 {[%clk 1:40:51]}  O-O {[%clk 1:39:40]} 8. Be3 {[%clk 1:39:35]}  b5 {[%clk 1:39:43]} 9. Bb3 {[%clk 1:39:53]}  Ng4 {[%clk 1:38:03]} 10. Qe2 {[%clk 1:34:18]}  Nxe3 {[%clk 1:35:24]} 11. fxe3 {[%clk 1:34:21]}  Be7 {[%clk 1:33:25]} 12. Bd5 {[%clk 1:23:56]}  Rb8 {[%clk 1:28:32]} 13. Kd2 {[%clk 1:02:34]}  b4 {[%clk 1:23:51]} 14. axb4 {[%clk 1:02:40]}  Nxb4 {[%clk 1:24:11]} 15. Bb3 {[%clk 1:02:42]}  c6 {[%clk 1:24:12]} 16. Nxe5 {[%clk 0:56:50]}  d5 {[%clk 1:20:42]} 17. exd5 {[%clk 0:31:15]}  cxd5 {[%clk 1:24:50]} 18. Rhf1 {[%clk 0:29:42]}  Bf6 {[%clk 1:18:40]} 19. Nf3 {[%clk 0:20:16]}  Re8 {[%clk 1:15:00]} 20. Qf2 {[%clk 0:19:25]}  Bg4 {[%clk 1:13:32]} 21. Nd4 {[%clk 0:19:04]}  Bh5 {[%clk 1:05:59]} 22. Nf5 {[%clk 0:10:34]}  Rb6 {[%clk 0:50:13]} 23. h4 {[%clk 0:04:56]}  Bg6 {[%clk 0:40:05]} 24. Ra4 {[%clk 0:03:56]}  a5 {[%clk 0:32:59]} 25. g3 {[%clk 0:02:42]}  Qd7 {[%clk 0:27:24]} 26. Rxa5 {[%clk 0:02:08]}  Qc7 {[%clk 0:20:06]} 27. Rxd5 {[%clk 0:01:35]}  Bxc3+ {[%clk 0:15:45]} 28. bxc3 {[%clk 0:02:01]}  Nxd5 {[%clk 0:16:06]} 29. Bxd5 {[%clk 0:02:25]}  Re5 {[%clk 0:09:48]} 30. Be4 {[%clk 0:01:32]}  Bxf5 {[%clk 0:06:49]} 31. Bxf5 {[%clk 0:01:45]}  Rf6 {[%clk 0:07:13]} 32. g4 {[%clk 0:01:09]}  g6 {[%clk 0:06:16]} 33. d4 {[%clk 0:01:00]}  Ra5 {[%clk 0:06:24]} 34. e4 {[%clk 0:00:42]}  Ra3 {[%clk 0:04:40]} 35. Qe3 {[%clk 0:00:45]}  Rc6 {[%clk 0:04:12]} 36. Bxg6 {[%clk 0:00:41]}  Rcxc3 {[%clk 0:03:16]} 37. Bxf7+ {[%clk 0:00:38]}  Kg7 {[%clk 0:03:35]} 38. Bb3 {[%clk 0:00:36]}  Rxe3 {[%clk 0:02:36]} 39. Kxe3 {[%clk 0:00:56]}  Qc3+ {[%clk 0:02:52]} 40. Kf4 {[%clk 0:00:41]}  Qxd4 {[%clk 0:03:01]} 41. Kg3 {[%clk 0:23:14]}  Qe3+ {[%clk 0:31:33]} 42. Rf3 {[%clk 0:21:47]}  Qe1+ {[%clk 0:32:00]} 43. Kh3 {[%clk 0:20:28]}  Ra7 {[%clk 0:31:40]} 44. Bd5 {[%clk 0:20:09]}  Qd1 {[%clk 0:29:31]} 45. Rf2 {[%clk 0:19:42]}  Qh1+ {[%clk 0:29:47]} 46. Kg3 {[%clk 0:19:57]}  Qg1+ {[%clk 0:30:13]} 47. Kf3 {[%clk 0:16:39]}  Ra6 {[%clk 0:30:30]} 48. g5 {[%clk 0:13:32]}  hxg5 {[%clk 0:30:54]} 49. hxg5 {[%clk 0:13:49]}  Qxg5 {[%clk 0:31:09]} 0-1